Esfera pública y democracia en la era de la información /

Sábháilte in:
Sonraí bibleagrafaíochta
Príomhchruthaitheoir: Melucci, Alberto
Formáid: Téacs
Ábhair:
Clibeanna: Cuir clib leis
Níl clibeanna ann, Bí ar an gcéad duine le clib a chur leis an taifead seo!

MARC

LEADER 00000 a a2200000 04500
001 9622
003
040
100 |a Melucci, Alberto  
245 |a Esfera pública y democracia en la era de la información /  |c Alberto Melucci  
650 |a DEMOCRACIA  
650 |a SECTOR PRIVADO  
650 |a INFORMACION  
650 |a SECTOR PUBLICO  
650 |a SOCIEDAD  
650 |a MEDIOS DE COMUNICACION  
650 |a LIBERALIZACION DEL INTERCAMBIO  
773 |g volumen 3, número 9; páginas 57-67  
999 |c 21386  |d 21386